Culture Générale - Série 1906 - Statistiques

Statistiques générales
  • Ce quiz a été pris 99 fois
  • Le résultat moyen est 6 sur 10
Statistiques - réponses
Question Réponse % Correct
Quel prénom féminin est associé à une recette de crêpes ? Suzette
95%
Complétez le proverbe : "Les chiens ne font pas des .... chats
94%
Quelle était la nationalité de l'acteur Michel Simon (1895-1975) ? voir photo suisse
73%
Dans la mythologie grecque, quel est le dieu du vin ? Dionysos
66%
Dans le film "Les Dalton" réalisé en 2004 par Philippe Haïm, quel acteur incarne Lucky Luke ? Jean Dujardin
61%
Comment s'appelle la fécule, utilisée en cuisine, produite à partir des racines du manioc ? tapioca
61%
Comment s'appelle le fromage de soja, d'origine chinoise, issu du caillage du lait de soja ? tofu
52%
Comment s'appelle le général que l'on retrouve dans les albums de Tintin (L'Oreille cassée, Les Sept Boules de cristal, Coke en stock, Tintin et les Picaros) ? Alcazar
49%
Quel est le gaz rare le plus représenté dans l'atmosphère terrestre ? argon
35%
Quel nom donne-t-on au patron, capitaine d'un bateau turc ou du Proche-Orient ? reis
7%
Aucun quiz correspondant
Distribution des résultats
% des personnes avec chaque résultat
Percentile par nombre de réponses
Votre historique - résultats
Vous n’avez pas pris ce quiz